Reklama pro děti, o dětech a s dětmi
Výsledky ankety detských divákov ohľadne reklamy pre deti na Medzinárodnom festivale filmov pre deti a mládež v Zlíne. Zákonitosti reklamy pre deti. Zásady dokumentu o pravidlách detskej reklamy, ktorý navrhla Európska asociácia reklamných agentúr. Prípady nevhodných reklamných spotov stiahnutých z...
Gespeichert in:
| 1. Verfasser: | |
|---|---|
| Format: | Buchkapitel |
| Sprache: | Tschechisch |
| Schlagworte: | |
| Tags: |
Keine Tags, Fügen Sie das erste Tag hinzu!
|
MARC
| LEADER | 00000naa a2200000 4500 | ||
|---|---|---|---|
| 001 | r037017 | ||
| 005 | 20230911121951.7 | ||
| 041 | 0 | |a cze | |
| 044 | |a CZ | ||
| 245 | 1 | 0 | |a Reklama pro děti, o dětech a s dětmi |c Jaroslav Krupka |
| 520 | |a Výsledky ankety detských divákov ohľadne reklamy pre deti na Medzinárodnom festivale filmov pre deti a mládež v Zlíne. Zákonitosti reklamy pre deti. Zásady dokumentu o pravidlách detskej reklamy, ktorý navrhla Európska asociácia reklamných agentúr. Prípady nevhodných reklamných spotov stiahnutých z vysielania kvôli vyvolávaniu strachu a sťažnostiam zo strany spotrebiteľov. | ||
| 610 | 2 | 0 | |a reklama |
| 610 | 2 | 0 | |a deti |
| 610 | 2 | 0 | |a mládež |
| 610 | 2 | 0 | |a kampane reklamné |
| 610 | 2 | 0 | |a prostriedky reklamné |
| 610 | 2 | 0 | |a techniky reklamné |
| 610 | 2 | 0 | |a televízia |
| 610 | 2 | 0 | |a ankety |
| 610 | 2 | 0 | |a sťažnosti |
| 610 | 2 | 0 | |a spotrebitelia |
| 100 | 1 | |a Krupka, Jaroslav | |